2me bolero brillant, op. 90 pour piano à 4 mains /

Hlavní autor: Leybach, Joseph, 1817-1891
Jazyk: Nelze použít, není lingvistický obsah
Vydáno: Mayence : Chez les fils de B. Schott, [1880?]
Fyzický popis: 15 s.
Hudebniny Hudebniny
Uloženo v:
LEADER 00828ncm a22002292a 4500
001 001202211
003 CZ BrMZK
005 20130917101931.0
007 qu
008 120323s1880 gw |||||||||||||||||zxx d
040 |a BOA001  |b cze 
072 7 |a 786  |x Hudba pro klávesové nástroje  |2 Konspekt  |9 9 
100 1 |a Leybach, Joseph,  |d 1817-1891  |7 xx0020200  |4 cmp 
245 1 0 |a 2me bolero brillant, op. 90  |h [hudebnina] :  |b pour piano à 4 mains /  |c par Leybach 
260 |a Mayence :  |b Chez les fils de B. Schott,  |c [1880?] 
300 |a 15 s. 
500 |a Tisk vtlačenou plotnou, č. 18962 
510 4 |a Winiker, C.: Haupt-Katalog der Musikalien-Leih-Anstalt,  |c 44 439 
910 |a BOA001  |b Mus4-0372.835 
990 |a MU 
991 |b 201203 
996 6 |b 2619607214  |c Mus4-0372.835  |l MZK  |r Sklad / do 1 hodiny  |n 0  |p W  |w 001235738  |u 000010  |a 1  |e BOA001  |j MZK50  |s P